Ethos of cross-culturalism and the novels of Amitav Ghosh/ (Record no. 152645)
[ view plain ]
| 000 -LEADER | |
|---|---|
| fixed length control field | 00634nam a22001937a 4500 |
| 005 - DATE AND TIME OF LATEST TRANSACTION | |
| control field | 20180702164149.0 |
| 010 ## - LCCN (DPL NO) | |
| LC control number | ENG-123192 |
| 020 ## - INTERNATIONAL STANDARD BOOK NUMBER | |
| International Standard Book Number | 9789382630838 |
| Terms of availability | 1095.00 |
| 035 ## - SYSTEM CONTROL NUMBER | |
| System control number | EN-106724 |
| 037 ## - SOURCE OF ACQUISITION | |
| Source of stock number/acquisition | DBAD/PUB |
| 082 ## - DEWEY DECIMAL CLASSIFICATION NUMBER | |
| Classification number | 883.9209 |
| 100 ## - MAIN ENTRY--PERSONAL NAME | |
| Personal name | Singh, Krishna Kant |
| 245 ## - TITLE STATEMENT | |
| Title | Ethos of cross-culturalism and the novels of Amitav Ghosh/ |
| Statement of responsibility, etc | by Krishna Kant Singh |
| 260 ## - PUBLICATION, DISTRIBUTION, ETC. (IMPRINT) | |
| Place of publication, distribution, etc | Jaipur |
| Name of publisher, distributor, etc | Aadi Publications |
| Date of publication, distribution, etc | 2016 |
| 270 ## - ADDRESS | |
| Address | F-11, S.S. Tower, Dhamani Street, Chaura Rasta, |
| City | Jaipur |
| Postal code | 302003 |
| 300 ## - PHYSICAL DESCRIPTION | |
| Extent | 180p. |
| Dimensions | 22cm(Hb) |
| 500 ## - GENERAL NOTE | |
| General note | it include bibliography and index |
| 942 ## - ADDED ENTRY ELEMENTS (KOHA) | |
| Source of classification or shelving scheme | Dewey Decimal Classification |
| Item type | English Books |
| Call number suffix | SIN |
| Classification part | 883.9209 |
| Withdrawn status | Lost status | Not for loan | Collection code | Home library | Current library | Date acquired | Source of acquisition | Cost, normal purchase price | Full call number | Barcode | Copy number | Cost, replacement price | Koha item type |
|---|---|---|---|---|---|---|---|---|---|---|---|---|---|
| Not For Loan | Non-fiction | D.B.Act.Division | Central Library | 11/06/2018 | DBAD/PUB | 1095.00 | 883.9209 SIN | EN-106724 | 1 | 1095.00 | English Books |
